00899nam a2200241Ia 4500001000600000003000900006008004100015040001300056040001300069041001300082100002000095100002900115245004200144245010000186250001100286260001900297260001500316260004900331300005900380500017200439650001500611650003100626A8263IT-RoPAU130308s9999 xx 000 0 und d aIT-RoPAU cIT-RoPAU aITALIANO aBrovelli Franco gCodice Aut. SPICS: 17370 aCelebrazioni del triduo pasquale (Le) bMessale romano del Vaticano Ii (Il)-1-La celebrazione del mistero di Cristo nell'Anno Liturgico a1a ed. aTORINO/LEUMANN bElle Di Ci c1984 [1° Ed.:1984 - Ed.Ling.Originale:1984] a"47 p. (prefazione: no ; testo: 47 [pagine: 351-397])" aGiovedi' Santo: messa vespertina della cena del Signore. Venerdi' Santo: celebrazione della passione del Signore. Domenica di Pasqua: Veglia Pasqualenella Notte Santa. aEUCARISTIA eCodice materia Spics: 9153